Problemas resueltos de teoría de circuitos (Registro nro. 12648)
[ vista simple ]
| 000 -CABECERA | |
|---|---|
| campo de control de longitud fija | 01149nam a22003857a 4500 |
| 005 - FECHA Y HORA DE ACTUALIZACIÓN | |
| campo de control | 20200818135414.0 |
| 008 - LONGITUD FIJA | |
| campo de control de longitud fija | 200818b xxu||||| |||| 00| 0 spa d |
| 020 ## - INTERNATIONAL STANDARD BOOK NUMBER | |
| Número Internacional Estándar del Libro | 9788426722423 |
| 041 ## - IDIOMA | |
| Código de idioma del texto/pista de sonido o título separado | |
| 082 ## - CLASIFICACIÓN DECIMAL DEWEY | |
| Número de clasificación | 621.381.5 B428p |
| 100 ## - AUTOR PERSONAL | |
| Nombre de persona | Belenguer Balaguer, Enrique |
| 100 ## - AUTOR PERSONAL | |
| Nombre de persona | Beltrán San Segundo, Héctor |
| 100 ## - AUTOR PERSONAL | |
| Nombre de persona | Fortanet Gómez, David |
| 100 ## - AUTOR PERSONAL | |
| Nombre de persona | Pérez Soler, Emilio |
| 100 ## - AUTOR PERSONAL | |
| Nombre de persona | Rolán Blanco, Alejandro |
| 100 ## - AUTOR PERSONAL | |
| Nombre de persona | Sansano Martín, Juan |
| 245 ## - TÍTULO PROPIAMENTE DICHO | |
| Título | Problemas resueltos de teoría de circuitos |
| 260 ## - PIE DE IMPRENTA | |
| Lugar de publicación, distribución, etc. | España |
| 260 ## - PIE DE IMPRENTA | |
| Nombre del editor, distribuidor, etc. | Marcombo |
| 260 ## - PIE DE IMPRENTA | |
| Fecha de publicación, distribución, etc. | 2019 |
| 300 ## - DESCRIPCIÓN FÍSICA | |
| Extensión | 300 páginas |
| 650 ## - Materia General | |
| Materia general | ELECTRÓNICA |
| 650 ## - Materia General | |
| Materia general | TEORÍA DE CIRCUITOS |
| 650 ## - Materia General | |
| Materia general | POTENCIA |
| 650 ## - Materia General | |
| Materia general | ENERGÍA |
| 650 ## - Materia General | |
| Materia general | INDUCTANCIAS |
| 650 ## - Materia General | |
| Materia general | CONDENSADORES |
| 650 ## - Materia General | |
| Materia general | ONDAS PERIÓDICAS |
| 650 ## - Materia General | |
| Materia general | MÉTODO DE MALLAS |
| 650 ## - Materia General | |
| Materia general | MÉTODO DE NUDOS |
| 650 ## - Materia General | |
| Materia general | TEOREMAS |
| 650 ## - Materia General | |
| Materia general | CIRCUITOS EN CORRIENTE ALTERNA |
| 650 ## - Materia General | |
| Materia general | CIRCUITOS TRIFÁSICOS |
| 942 ## - Punto de Acceso Adicional Koha | |
| Tipo de ítem Koha | Libro |
| Estado perdido | Estado dañado | No para préstamo | Biblioteca permanente | Biblioteca actual | Signatura completa | Código de barras | Precio efectivo a partir del | Tipo de ítem |
|---|---|---|---|---|---|---|---|---|
| Departamento de Biblioteca y Documentación Alfonso Chase Brenes | Departamento de Biblioteca y Documentación Alfonso Chase Brenes | 621.381.5 B428p | 24891 | 18/08/2020 | Libro | |||
| Departamento de Biblioteca y Documentación Alfonso Chase Brenes | Departamento de Biblioteca y Documentación Alfonso Chase Brenes | 621.381.5 B428p | 24892 | 18/08/2020 | Libro | |||
| Departamento de Biblioteca y Documentación Alfonso Chase Brenes | Departamento de Biblioteca y Documentación Alfonso Chase Brenes | 621.381.5 B428p | 24893 | 18/08/2020 | Libro | |||
| Departamento de Biblioteca y Documentación Alfonso Chase Brenes | Departamento de Biblioteca y Documentación Alfonso Chase Brenes | 621.381.5 B428p | 24894 | 18/08/2020 | Libro | |||
| Departamento de Biblioteca y Documentación Alfonso Chase Brenes | Departamento de Biblioteca y Documentación Alfonso Chase Brenes | 621.381.5 B428p | 24895 | 18/08/2020 | Libro | |||
| Departamento de Biblioteca y Documentación Alfonso Chase Brenes | Departamento de Biblioteca y Documentación Alfonso Chase Brenes | 621.381.5 B428p | 24896 | 18/08/2020 | Libro | |||
| Departamento de Biblioteca y Documentación Alfonso Chase Brenes | Departamento de Biblioteca y Documentación Alfonso Chase Brenes | 621.381.5 B428p | 24897 | 18/08/2020 | Libro | |||
| Departamento de Biblioteca y Documentación Alfonso Chase Brenes | Departamento de Biblioteca y Documentación Alfonso Chase Brenes | 621.381.5 B428p | 24898 | 18/08/2020 | Libro | |||
| Departamento de Biblioteca y Documentación Alfonso Chase Brenes | Departamento de Biblioteca y Documentación Alfonso Chase Brenes | 621.381.5 B428p | 24899 | 18/08/2020 | Libro | |||
| Departamento de Biblioteca y Documentación Alfonso Chase Brenes | Departamento de Biblioteca y Documentación Alfonso Chase Brenes | 621.381.5 B428p | 24900 | 18/08/2020 | Libro |